Central Library OPAC University of Rajshahi

Structural variation and deviation in Children's Game: (Record no. 75994)

MARC details
000 -LEADER
fixed length control field 00965nam a2200241 a 4500
001 - CONTROL NUMBER
control field 75994
003 - CONTROL NUMBER IDENTIFIER
rucl marc code BD-RjUL
005 - DATE AND TIME OF LATEST TRANSACTION
control field 20211209082756.0
008 - FIXED-LENGTH DATA ELEMENTS--GENERAL INFORMATION
fixed length control field 190930s2018 bg a|||| bm|| 00| 0 eng d
035 ## - SYSTEM CONTROL NUMBER
System control number (BD-RjUL)76213
040 ## - CATALOGING SOURCE
Original cataloging agency BD-RjUL
Language of cataloging eng
Transcribing agency BD-RjUL
Modifying agency BD-RjUL
041 ## - LANGUAGE CODE
Language code of text/sound track or separate title eng
082 ## - DEWEY DECIMAL CLASSIFICATION NUMBER
Edition number 23
Author mark and year AFS 2018
Classification number 398.083
100 1# - MAIN ENTRY--PERSONAL NAME
Personal name Afrose, Atiza Dil
9 (RLIN) 233323
245 10 - TITLE STATEMENT
Title Structural variation and deviation in Children's Game:
Remainder of title a gender based analysis on peer groups of Rajshahi /
Statement of responsibility, etc. Atiza Dil Afrose ;
Linkage Supervisor: Md. Abul Hasan Chowdhury
260 ## - PUBLICATION, DISTRIBUTION, ETC. (IMPRINT)
Place of publication, distribution, etc. Rajshahi :
Name of publisher, distributor, etc. Department of Folklore, University of Rajshahi,
Date of publication, distribution, etc. 2018
300 ## - PHYSICAL DESCRIPTION
Pagination ix, 201 leaves :
Illustrations Ill. ;
Size 29 cm.
502 ## - DISSERTATION NOTE
Dissertation note Thesis (Ph. D.) -- Department of Folklore, University of Rajshahi, 2018
504 ## - BIBLIOGRAPHY, ETC. NOTE
Bibliography, etc References: Leaves 158-176
650 ## - SUBJECT ADDED ENTRY--TOPICAL TERM
Topical term or geographic name as entry element Folklore and children
General subdivision Research
Geographic subdivision Bangladesh
-- Rajshahi
9 (RLIN) 233324
700 ## - ADDED ENTRY--PERSONAL NAME
Personal name Chowdhury, Md. Abul Hasan, Supervisor
942 ## - ADDED ENTRY ELEMENTS (KOHA)
Source of classification or shelving scheme Dewey Decimal Classification
Koha item type Theses
Holdings
Lost status Source of classification or shelving scheme Damaged status Not for loan Collection code Permanent Location Current Location Shelving location Date acquired Source of acquisition Total Checkouts Full call number Date last seen Copy number Koha item type
  Dewey Decimal Classification   Not For Loan Theses Central Library, University of Rajshahi Central Library, University of Rajshahi Documentation Section 30/04/2019 Controller of Examination Office, R. U.   THE 398.083 AFS 2018 30/09/2019 C-1 Theses